<The> Role of University Faculties in Regional Development

Zameranie sa na tzv. tretiu univerzitnú úlohu - podporu hospodárskeho rozvoja regiónov. Skúmanie činností jednotlivých fakúlt prostredníctvom ich výročných správ a to najmä na poli vzdelávania.

Salvato in:
Dettagli Bibliografici
Autore principale: Bajusová, Martina
Altri autori: Šipikal, Miroslav, 1976-, Némethová, Valéria, 1987-
Natura: Capitolo di libro
Lingua:inglese
Soggetti:
Tags: Aggiungi Tag
Nessun Tag, puoi essere il primo ad aggiungerne!!

MARC

LEADER 00000naa$a2200000$$$4500
001 0272169
005 20240502083829.3
041 0 |a eng 
044 |a TR 
245 1 0 |a <The> Role of University Faculties in Regional Development  |c Martina Bajusová, Miroslav Šipikal, Valéria Némethová 
520 |a Zameranie sa na tzv. tretiu univerzitnú úlohu - podporu hospodárskeho rozvoja regiónov. Skúmanie činností jednotlivých fakúlt prostredníctvom ich výročných správ a to najmä na poli vzdelávania. 
610 2 0 |a univerzity 
610 2 0 |a fakulty 
610 2 0 |a vývoj regionálny 
610 2 0 |a rozvoj hospodársky 
610 2 0 |a vzdelávanie 
610 2 0 |a podpora vedy a výskumu 
100 1 |a Bajusová, Martina 
700 1 |a Šipikal, Miroslav, 1976- 
700 1 |a Némethová, Valéria, 1987-